| 000 | 00554nam a2200193Ia 4500 | ||
|---|---|---|---|
| 005 | 20250923145245.0 | ||
| 008 | 008 250917s9999 xx 000 0 eng d | ||
| 037 | _aTextual | ||
| 040 |
_aDSWL _beng _cDSWL |
||
| 041 |
_aeng _2eng |
||
| 084 |
_aYX,Z1,56, N69 _qDSWL |
||
| 245 | 0 |
_aOur Young Children _cby Her Majestys Stationary Office |
|
| 260 |
_aLondon _bHer Majestys Stationary Office _c1969 |
||
| 300 | _avi,177p. | ||
| 365 |
_aINR _b3.6 |
||
| 925 | _g3.6 | ||
| 942 |
_cTEXL _hYX,Z1,56, N69 |
||
| 999 |
_c1449072 _d1449072 |
||